| Tag |
First Indicator |
Second Indicator |
Subfields |
| LEADER |
00000cam a2200000 a 4500 |
| 001 |
in00001522321 |
| 005 |
20151021161856.0 |
| 008 |
000124s1998 ohuab b 001 0 eng |
| 010 |
|
|
|a 97020353
|
| 020 |
|
|
|a 0538876581 (hardcover : alk. paper)
|
| 035 |
|
|
|a (OCoLC)36877495
|
| 040 |
|
|
|a DLC
|c DLC
|d TXA
|d UtOrBLW
|
| 049 |
|
|
|a TXAM
|
| 050 |
0 |
0 |
|a HF5657.4
|b .K647 1998
|
| 082 |
0 |
0 |
|a 658.15/11
|2 21
|
| 100 |
1 |
|
|a Knapp, Michael Chris,
|d 1954-
|
| 245 |
1 |
0 |
|a Financial accounting :
|b a focus on decision making /
|c Michael C. Knapp.
|
| 250 |
|
|
|a 2nd ed.
|
| 264 |
|
1 |
|a Cincinnati, Ohio :
|b South-Western College Pub.,
|c [1998]
|
| 264 |
|
4 |
|c ©1998
|
| 300 |
|
|
|a 1 volume (various pagings) :
|b illustrations (some color), color maps ;
|c 26 cm. +
|e 1 solutions manual.
|
| 336 |
|
|
|a text
|b txt
|2 rdacontent
|
| 337 |
|
|
|a unmediated
|b n
|2 rdamedia
|
| 338 |
|
|
|a volume
|b nc
|2 rdacarrier
|
| 504 |
|
|
|a Includes bibliographical references and index.
|
| 650 |
|
0 |
|a Managerial accounting.
|
| 650 |
|
0 |
|a Decision making.
|
| 994 |
|
|
|a E0
|b TXA
|
| 948 |
|
|
|a cataloged
|b h
|c 2000/1/24
|d c
|e bwalker
|f 7:08:22 am
|
| 999 |
|
|
|a MARS
|
| 999 |
f |
f |
|s 2374938e-7cf9-3e27-87db-2f995678ec8c
|i 6d67f7f0-0c98-350c-baa2-802cbe8632b3
|t 0
|
| 952 |
f |
f |
|p ric
|a Texas A&M University
|b Rellis Campus
|c Joint Library Facility
|d Remote Storage
|t 0
|e HF5657.4 .K647 1998
|h Library of Congress classification
|i unmediated -- volume
|m A14828107881
|
| 952 |
f |
f |
|p ric
|a Texas A&M University
|b Rellis Campus
|c Joint Library Facility
|d Remote Storage
|t 0
|e HF5657.4 .K647 1998
|h Library of Congress classification
|i unmediated -- volume
|k Sol. manual
|m A14830532343
|
| 952 |
f |
f |
|a Texas A&M University
|b College Station
|c Business Library & Collaboration Commons
|d West Campus Library: Stacks
|t 0
|e HF5657.4 .K647 1998
|h Library of Congress classification
|
| 998 |
f |
f |
|a HF5657.4 .K647 1998
|t 0
|l Remote Storage
|
| 998 |
f |
f |
|a HF5657.4 .K647 1998
|t 0
|l West Campus Library: Stacks
|